Destino Machu Picchu : (Record no. 22671)

000 -CABECERA
campo de control de longitud fija 01383nam a2200361 i 4500
001 - NÚMERO DE CONTROL
campo de control C00610960
003 - IDENTIFICADOR DEL NÚMERO DE CONTROL
campo de control OSt
005 - FECHA Y HORA DE LA ÚLTIMA TRANSACCIÓN
campo de control 20230109100858.0
007 - CAMPO FIJO DE DESCRIPCIÓN FÍSICA--INFORMACIÓN GENERAL
campo de control de longitud fija ta
008 - DATOS DE LONGITUD FIJA--INFORMACIÓN GENERAL
campo de control de longitud fija 220905s2021 pe a gr 001 0 spa
017 ## - NÚMERO DE COPYRIGHT O DE DEPÓSITO LEGAL
Número de copyright o de depósito legal 2021-10598
020 ## - NÚMERO INTERNACIONAL ESTÁNDAR DEL LIBRO
Número Internacional Estándar del Libro 9789972574733
040 ## - FUENTE DE LA CATALOGACIÓN
Centro catalogador/agencia de origen pelibn 
Lengua de catalogación spa 
Normas de descripción rda 
Centro/agencia transcriptor pelibn
082 04 - NÚMERO DE LA CLASIFICACIÓN DECIMAL DEWEY
Número de clasificación 338.4791/R53
100 1# - ENTRADA PRINCIPAL--NOMBRE DE PERSONA
Nombre de persona Rice, Mark,
Término indicativo de función/relación autor.
9 (RLIN) 48838
245 10 - MENCIÓN DE TÍTULO
Título Destino Machu Picchu :
Resto del título la política del turismo en el Perú del siglo XX /
Mención de responsabilidad, etc. Mark Rice ; traducción, Javier Flores Espinoza.
250 ## - MENCIÓN DE EDICIÓN
Mención de edición 1a edición.
264 #1 - PRODUCCIÓN, PUBLICACIÓN, DISTRIBUCIÓN, FABRICACIÓN Y COPYRIGHT
Producción, publicación, distribución, fabricación y copyright Lima :
Nombre del de productor, editor, distribuidor, fabricante Universidad del Pacífico, Fondo Editorial,
Fecha de producción, publicación, distribución, fabricación o copyright 2021.
264 #3 - PRODUCCIÓN, PUBLICACIÓN, DISTRIBUCIÓN, FABRICACIÓN Y COPYRIGHT
Producción, publicación, distribución, fabricación y copyright Lima :
Nombre del de productor, editor, distribuidor, fabricante Aleph Impresiones.
300 ## - DESCRIPCIÓN FÍSICA
Extensión 270 páginas :
Otras características físicas ilustraciones, mapa, retrato ;
Dimensiones 23 cm.
336 ## - TIPO DE CONTENIDO
Término de tipo de contenido Texto
Fuente rdacontent
337 ## - TIPO DE MEDIO
Nombre/término del tipo de medio sin mediación
Fuente rdamedia
338 ## - TIPO DE SOPORTE
Nombre/término del tipo de soporte volumen
Fuente rdacarrier
500 ## - NOTA GENERAL
Nota general Incluye índice temático.
504 ## - NOTA DE BIBLIOGRAFÍA, ETC.
Nota de bibliografía, etc. Bibliografía: páginas 241-258.
534 ## - NOTA SOBRE LA VERSIÓN ORIGINAL
Frase introductoria Título original:
Mención de título del original Making Machu Picchu. The politics of tourism in twentieth-Century Peru.
650 18 - PUNTO DE ACCESO ADICIONAL DE MATERIA--TÉRMINO DE MATERIA
Término de materia o nombre geográfico como elemento de entrada Turismo
Subdivisión geográfica -Perú
-- -Santuario Histórico de Machu Picchu (Cus.)
9 (RLIN) 48839
650 28 - PUNTO DE ACCESO ADICIONAL DE MATERIA--TÉRMINO DE MATERIA
Término de materia o nombre geográfico como elemento de entrada Turismo
Subdivisión general -Política gubernamental
Subdivisión geográfica -Perú.
9 (RLIN) 48840
700 1# - PUNTO DE ACCESO ADICIONAL--NOMBRE DE PERSONA
Nombre de persona Flores Espinoza, Javier,
Fechas asociadas al nombre 1962-,
Término indicativo de función/relación traductor.
9 (RLIN) 48841
710 2# - PUNTO DE ACCESO ADICIONAL--NOMBRE DE ENTIDAD CORPORATIVA
Nombre de entidad corporativa o nombre de jurisdicción como elemento de entrada Universidad del Pacífico (Lima),
Término indicativo de función/relación entidad editora.
9 (RLIN) 10408
942 ## - ELEMENTOS DE PUNTO DE ACCESO ADICIONAL (KOHA)
Fuente del sistema de clasificación o colocación
Tipo de ítem Koha Libros-BMC
Holdings
Estado de retiro Estado de pérdida Fuente del sistema de clasificación o colocación Estado dañado No para préstamo Localización permanente Ubicación/localización actual Ubicación en estantería Fecha de adquisición Fuente de adquisición Coste, precio normal de compra Signatura topográfica completa Código de barras Fecha visto por última vez Precio válido a partir de Tipo de ítem Koha
          Sala Humanidades Sala Humanidades Book Cart 2023-01-09 Donación 30.00 338.4791/R53 SH0000016511 2023-01-09 2023-01-09 Libros-BMC

Powered by Koha